000 00560nam a2200193Ia 4500
005 20250508152009.0
008 008 250505s9999 xx 000 0 eng d
037 _aTextual
040 _aFEDL
_beng
_cFEDL
041 _aeng
_2eng
084 _a500, CLA
_qFEDL
100 _aClark John A
245 0 _aScience on the March, Book 3
260 _aBoston, USA
_bHoughton Mifflin Company
_c1946
300 _axiv,618p
700 _a Fitzpatrick Frederick L Smith Edith Lillian
_9760543
942 _cTEXL
_h500, CLA
999 _c1333473
_d1333473